Desserts from 'O' - Statistics

General Stats
  • This quiz has been taken 11 times
  • The average score is 3 of 14
Answer Stats
Picture Answer % Correct
Opera Cake
80%
Oatmeal Raisin Cookie
60%
Ombre Cake
40%
Oreo Cheesecake
40%
Oliebol
20%
Otap
20%
Oladky
10%
Orange Creamsicle Cake
10%
Ozark Pudding
10%
Oblaten Lebkuchen
0%
Ohio Lemon Pie
0%
Ontbijtkoek
0%
Orange Chiffon Cake
0%
Orcik Candy
0%
No matching quizzes found
Score Distribution
Percent of People with Each Score
Percentile by Number Answered
Your Score History
You have not taken this quiz